000 00712nam a2200265Ia 4500
003 OSt
005 20220918165203.0
006 a|||||r|||| 00| 0
007 ta
008 220917b |||||||| |||| 00| 0 eng d
020 _a156324554X (hbk)
024 _a21,548
037 _cTextual
040 _aARTS
_cARTS
_beng
041 _2eng
_aeng
082 _aV41.N5, N5
100 _aSelden Mark
_923110
245 0 _aChina in revolution
_b the Yenan way revisited
260 _aNew York
_bEast Gate Book
_c1995
300 _axviii,294p.
_ccm.
490 _aSocialism and social movements
650 _aHISTORY
942 _hV41.N5, N5
_cTEXL
_2CC
999 _c128699
_d128699